Nová politika konkurencieschopnosti Európskej únie
Hospodárstvo EÚ - stručné informácie. Nová politika konkurencieschopnosti EÚ na roky 2014-2020. Finančné nástroje politiky rozvoja malých a stredných podnikov EÚ. Kapitálový nástroj pre rast. Nástroj na poskytovanie záruk na úvery.
Uložené v:
| Hlavný autor: | |
|---|---|
| Ďalší autori: | |
| Médium: | Kapitola |
| Jazyk: | Slovak |
| Predmet: | |
| Tagy: |
Žiadne tagy, Buďte prvý, kto otaguje tento záznam!
|
MARC
| LEADER | 00000naa$a2200000$$$4500 | ||
|---|---|---|---|
| 001 | 0210021 | ||
| 005 | 20240502073509.6 | ||
| 041 | 0 | |a slo | |
| 044 | |a SK | ||
| 245 | 1 | 0 | |a Nová politika konkurencieschopnosti Európskej únie |c Elena Fetisovová, Ladislav Nagy |
| 520 | |a Hospodárstvo EÚ - stručné informácie. Nová politika konkurencieschopnosti EÚ na roky 2014-2020. Finančné nástroje politiky rozvoja malých a stredných podnikov EÚ. Kapitálový nástroj pre rast. Nástroj na poskytovanie záruk na úvery. | ||
| 610 | 2 | 0 | |a podnik malý |
| 610 | 2 | 0 | |a podnik stredný |
| 610 | 2 | 0 | |a konkurencieschopnosť |
| 610 | 2 | 0 | |a politika rozvojová |
| 610 | 2 | 0 | |a nástroje finančné |
| 610 | 2 | 0 | |a Európska únia |
| 100 | 1 | |a Fetisovová, Elena | |
| 700 | 1 | |a Nagy, Ladislav | |